| 000 | 00534nam a22001817a 4500 | ||
|---|---|---|---|
| 005 | 20251108164354.0 | ||
| 008 | 250721s2000 xx 000 0 ara d | ||
| 082 | 1 | 4 | _a414/هاش |
| 100 | 1 | _aالهاشمي، أحمد | |
| 245 | 1 | 0 | _aجواهر البلاغة في المعاني و البيان و البديع / |
| 250 | _aط2. | ||
| 264 | 1 |
_aبيروت : _bالمكتبة العصرية، _c2000. |
|
| 300 | _a408ص | ||
| 650 | 1 | 7 | _aاللغة العربية |
| 650 | 1 | 7 | _aالبلاغة |
| 942 |
_2ddc _cBK |
||
| 999 |
_c10542 _d10542 |
||